| 000 | 00673nam a22001937a 4500 | ||
|---|---|---|---|
| 003 | NUST-PNEC | ||
| 005 | 20170116180715.0 | ||
| 008 | 141018b xxu||||| |||| 00| 0 eng d | ||
| 020 | _a0064635376 | ||
| 040 | _cPNEC | ||
| 082 | _a423 MAW | ||
| 100 |
_9681 _aMawson, C.O. Sylvester |
||
| 245 |
_aRoget's university thesaurus _cC.O. Sylvester Mawson and Peter Mark Roget |
||
| 260 |
_aNew York : _bBarnes & Noble Books, _cc1981. |
||
| 300 |
_axxiv, 741 pages ; _c21 cm |
||
| 500 | _ahttp://www.amazon.com/Rogets-University-Thesaurus-Peter-Roget/dp/0064635376/ref=sr_1_1?s=books&ie=UTF8&qid=1413620912&sr=1-1&keywords=0064635376 | ||
| 650 | _xGeneral | ||
| 942 |
_2ddc _cBK |
||
| 999 |
_c61141 _d61141 |
||